| 000 | 00536nam a2200205 a 4500 | ||
|---|---|---|---|
| 001 | 18048 | ||
| 005 | 20180713211255.0 | ||
| 008 | 140415s1987 sp 000 0 spa d | ||
| 020 | _a8428512086 | ||
| 041 | _aspa | ||
| 082 |
_a291.5691 _bCOD |
||
| 100 | 1 | _aCODINA, VICTOR | |
| 245 | 1 | 0 |
_aVIDA RELIGIOSA : _bHISTORIA Y TEOLOGIA |
| 250 | _a1a ed. | ||
| 260 |
_aESPAÑA : _bPAULINAS, _c1987 |
||
| 300 | _a204 | ||
| 490 | _aCRISTIANOSMO Y SOCIEDAD: 9 | ||
| 650 | 1 | 4 | _aVIDA RELIGIOSA |
| 700 | 1 |
_aZEVALLOS, NOE _ecoaut. |
|
| 999 |
_c18048 _d18048 |
||